| 000 | 00863nam a2200217 i 4500 | ||
|---|---|---|---|
| 001 | 84872 | ||
| 003 | ES-MaACL | ||
| 005 | 20230906175128.0 | ||
| 007 | t| | ||
| 008 | 190318s1965 sp ||||1| spa d | ||
| 100 | 0 |
_aKahlefeld, Heinrich. _967413 |
|
| 245 | 1 | 3 |
_aEl Sermón de la Montaña _b: interpretación a Lc. 6.20.49 / _cEnrique Kahlefeld ; [versión de la 2ª ed. alemana por Pedro Rafael Velasco Beteta]. |
| 260 |
_aEstella (Navarra) : _bVerbo Divino, _c[1965] |
||
| 300 |
_a156 p. ; _c19 cm. |
||
| 490 | 1 |
_aColección "Biblia y Kerygma". Temas de Pastoral Bíblica ; _v4 |
|
| 630 | 0 |
_aBiblia. _pN.T. _pEvangelio según Lucas- _vComentarios. _9119296 |
|
| 700 | 0 |
_aVelasco Beteta, Pedro Rafael. _9113747 |
|
| 830 | 0 |
_aColección "Biblia y Kerygma". Temas de Pastoral Bíblica ; _v4 _9183845 |
|
| 852 |
_aES-MaACL _jP-565-Bis-4 |
||
| 999 |
_c84872 _d84872 |
||